Normal view
MARC view
- PhD SOFTWARE ENGINEERING
Entry Topical Term
001 - CONTROL NUMBER
- control field: 119855
003 - CONTROL NUMBER IDENTIFIER
- control field: NUST
005 - DATE AND TIME OF LATEST TRANSACTION
- control field: 20240105184400.0
008 - FIXED-LENGTH DATA ELEMENTS
- fixed length control field: 240105|| aca||aabn | a|a d
040 ## - CATALOGING SOURCE
- Original cataloging agency: NUST
- Transcribing agency: NUST
150 ## - HEADING--TOPICAL TERM
- Topical term or geographic name entry element: PhD SOFTWARE ENGINEERING
670 ## - SOURCE DATA FOUND
- Source citation: Work cat.: (NUST): Muhammad Waqas Ahmad 114158, TH-SOF-2182-Intelligent Framework for Automated Failure Prediction and Classification of Mission-Critical Autonomous Flights and Autopilot Software, 2023.
